The seasons of the year / (Record no. 2716)

MARC details
000 -LEADER
fixed length control field 00806cam a22002411 4500
005 - DATE AND TIME OF LATEST TRANSACTION
control field 20240111135050.0
020 ## - INTERNATIONAL STANDARD BOOK NUMBER
International Standard Book Number 9780736896184
040 ## - CATALOGING SOURCE
Original cataloging agency DLC
Transcribing agency MiEM
Modifying agency MiEM
-- DLC
Language of cataloging eng
050 00 - LIBRARY OF CONGRESS CALL NUMBER
Classification number QB637.H3518
082 ## - DEWEY DECIMAL CLASSIFICATION NUMBER
Classification number 508.2
100 ## - MAIN ENTRY--PERSONAL NAME
Personal name Hall, Margaret
245 14 - TITLE STATEMENT
Title The seasons of the year /
Statement of responsibility, etc. by Margaret Hall
250 ## - EDITION STATEMENT
Edition statement Printed in the United States of America
260 ## - PUBLICATION, DISTRIBUTION, ETC.
Place of publication, distribution, etc. North Mankato :
Name of publisher, distributor, etc. Capstone Press ,
Date of publication, distribution, etc. 2007
300 ## - PHYSICAL DESCRIPTION
Extent 24 pages :
Other physical details color illustrations ;
Dimensions 24 cm.
505 ## - FORMATTED CONTENTS NOTE
Formatted contents note I <br/>
520 ## - SUMMARY, ETC.
Summary, etc. Simple text and photographs present an introduction to why the seasons change and how seasons are a recurring pattern in nature.
521 ## - TARGET AUDIENCE NOTE
Target audience note 460 <br/>
Source Lexile <br/>
521 ## - TARGET AUDIENCE NOTE
Target audience note I <br/>
Source Raz-Plus <br/>
906 ## - LOCAL DATA ELEMENT F, LDF (RLIN)
a 7
b cbc
c oclcrpl
d u
e ncip
f 19
g y-gencatlg
942 ## - ADDED ENTRY ELEMENTS (KOHA)
Source of classification or shelving scheme Dewey Decimal Classification
Koha item type Books
Suppress in OPAC No
999 ## -
-- 2716
-- 2716
Holdings
Withdrawn status Lost status Source of classification or shelving scheme Damaged status Not for loan Collection Home library Current library Shelving location Date acquired Total Checkouts Full call number Barcode Date last seen Date last checked out Price effective from Koha item type
    Dewey Decimal Classification     Non-Fiction Footprints International School Library Network Toul Kork Campus Footprints International School Library Network Toul Kork Campus   01/11/2024 5 HAL 508.2 QB637.H3518 FISTK02174 04/10/2025 04/03/2025 01/11/2024 Books